000 01206cas a2200301 i 4500
001 xx005463975
003 NUKAT
005 20260211112257.0
008 221202d19631979pl n p| | |0 |0pol c
035 _a(OCoLC)1356745084
035 _a(NUKAT)xx005463975
040 _aGD PAN/PP
_bpol
_erda
_cGD PAN/PPs
_dGD PAN/DB
245 0 0 _aSprawozdanie ... /
_cGdańskie Towarzystwo Przyjaciół Sztuki.
246 3 3 _aSprawozdanie z działalności Gdańskiego Towarzystwa Przyjaciół Sztuki w Latach ...
_fVol. 1 1963/1965
260 _aGdańsk :
_bGdańskie Towarzystwo Przyjaciół Sztuki ,
_c1963-1979.
300 _c29 cm.
310 _aNieregularne
336 _aTekst
_btxt
_2rdacontent
337 _aBez urządzenia pośredniczącego
_bn
_2rdamedia
338 _aWolumin
_bnc
_2rdacarrier
362 0 _aVol. 1 (1963/1965) - Vol. 3 (1973/1978).
380 _aCzasopisma
500 _aOd 1967/1969 format 21 cm.
610 2 7 _aGdańskie Towarzystwo Przyjaciół Sztuki
_vczasopisma.
_2kaba
_936462
710 2 _aGdańskie Towarzystwo Przyjaciół Sztuki.
_eInstytucja sprawcza
_eWydawca
_4pbl
_936463
730 0 _aSprawozdanie (Gdańskie Towarzystwo Przyjaciół Sztuki ; Gdańsk)
942 _2ddc
_cBK_NM
999 _c26587
_d26587